[Event "Mecklenburg VP VL 1314"]
[Site "Mecklenburg VP"]
[Date "2014.02.23"]
[Round "6.2"]
[White "Dettmann, Gerd"]
[Black "Moeller, Peter"]
[Result "1/2-1/2"]
[WhiteElo "2088"]
[BlackElo "1965"]
[PlyCount "84"]
[EventDate "2013.10.20"]
[EventType "team-tourn"]
[EventRounds "9"]
[EventCountry "GER"]
[SourceTitle "EXT 2022"]
[Source "ChessBase"]
[SourceDate "2021.10.06"]
[SourceVersion "1"]
[SourceVersionDate "2021.10.06"]
[SourceQuality "1"]
[WhiteTeam "Guestrow/Teterow"]
[BlackTeam "Rostock HSG Uni"]
[WhiteTeamCountry "GER"]
[BlackTeamCountry "GER"]

1. e4 c6 2. d4 d5 3. exd5 cxd5 4. Nf3 Nc6 5. Ne5 g6 6. Bb5 Qb6 7. Nc3 Be6 8. a4 a6 9. a5 Qc7 10. Bf4 axb5 11. Nxg6 Qd7 12. Nxh8 Bg7 13. Nxb5 Kf8 14. Nxf7 Bxf7 15. 0-0 Nf6 16. Re1 Rxa5 17. Rxa5 Nxa5 18. Qe2 Nc4 19. b3 Nd6 20. Qxe7+ Qxe7 21. Bxd6 Qxd6 22. Nxd6 Bg6 23. c4 Ne4 24. Nxe4 Bxe4 25. Rxe4 dxe4 26. d5 Ke7 27. f4 Kd6 28. Kf2 Bd4+ 29. Ke2 b5 30. g4 bxc4 31. bxc4 Kc5 32. g5 Kxc4 33. d6 Kd5 34. d7 Bb6 35. f5 Kd6 36. g6 hxg6 37. fxg6 Ke6 38. h4 Kf6 39. h5 Kg7 40. Kf1 Kh6 41. Kg2 e3 42. Kf3 Kg7 1/2-1/2

[Event "Mecklenburg VP-ch MT"]
[Site "Rostock"]
[Date "2013.05.12"]
[Round "7.6"]
[White "Hamann, Dirk"]
[Black "Moeller, Peter"]
[Result "1-0"]
[WhiteElo "2014"]
[BlackElo "2097"]
[PlyCount "73"]
[EventDate "2013.05.09"]
[EventType "swiss"]
[EventRounds "7"]
[EventCountry "GER"]
[SourceTitle "EXT 2023"]
[Source "ChessBase"]
[SourceDate "2022.10.05"]
[SourceVersion "1"]
[SourceVersionDate "2022.10.05"]
[SourceQuality "1"]

1. e4 c6 2. d4 g6 3. Nf3 d5 4. exd5 cxd5 5. Bd3 Bg7 6. 0-0 Nh6 7. Re1 0-0 8. h3 Nc6 9. c3 f6 10. Bf4 Nf7 11. Bg3 Qb6 12. Qb3 Qxb3 13. axb3 e5 14. dxe5 fxe5 15. Bb5 Re8 16. Na3 a6 17. Nc2 Bf5 18. Bxc6 bxc6 19. Nb4 e4 20. Nd4 Ne5 21. Bxe5 Rxe5 22. Ndxc6 Re6 23. Nxd5 Kf7 24. Ncb4 Rd6 25. Red1 a5 26. Nc2 Rb8 27. b4 axb4 28. Ncxb4 Be6 29. Nf4 Rxd1+ 30. Rxd1 Bc8 31. Ra1 Bf8 32. Ra7+ Kg8 33. Nbd5 Bb7 34. Nf6+ Kf7 35. Nd7 e3 36. Nxb8 exf2+ 37. Kf1 1-0

[Event "Mecklenburg VP-ch MT"]
[Site "Rostock"]
[Date "2013.05.11"]
[Round "5.7"]
[White "Lehmann, Ruben"]
[Black "Moeller, Peter"]
[Result "1/2-1/2"]
[WhiteElo "1987"]
[BlackElo "2097"]
[PlyCount "42"]
[EventDate "2013.05.09"]
[EventType "swiss"]
[EventRounds "7"]
[EventCountry "GER"]
[SourceTitle "EXT 2023"]
[Source "ChessBase"]
[SourceDate "2022.10.05"]
[SourceVersion "1"]
[SourceVersionDate "2022.10.05"]
[SourceQuality "1"]

1. d4 g6 2. c4 c6 3. Nc3 Bg7 4. e4 Nh6 5. Be3 f6 6. f3 Nf7 7. Qd2 Na6 8. Nge2 Nc7 9. Nf4 b6 10. Be2 e6 11. d5 cxd5 12. cxd5 e5 13. d6 Ne6 14. Nxe6 dxe6 15. Nb5 0-0 16. Rd1 a6 17. Nc7 Rb8 18. Bc4 Rb7 19. Bxe6 Rxc7 20. Bxb6 Bxe6 21. dxc7 Qc8 1/2-1/2

[Event "Mecklenburg VP-ch MT"]
[Site "Rostock"]
[Date "2013.05.10"]
[Round "4.4"]
[White "Moeller, Peter"]
[Black "Leisner, Hannes"]
[Result "0-1"]
[WhiteElo "2097"]
[BlackElo "2207"]
[PlyCount "88"]
[EventDate "2013.05.09"]
[EventType "swiss"]
[EventRounds "7"]
[EventCountry "GER"]
[SourceTitle "EXT 2023"]
[Source "ChessBase"]
[SourceDate "2022.10.05"]
[SourceVersion "1"]
[SourceVersionDate "2022.10.05"]
[SourceQuality "1"]

1. e4 c5 2. d3 Nc6 3. g3 g6 4. Bg2 Bg7 5. Nc3 d6 6. f4 Nf6 7. Nf3 0-0 8. 0-0 Bg4 9. h3 Bxf3 10. Bxf3 Rb8 11. g4 Nd4 12. Bg2 b5 13. Ne2 Nd7 14. c3 Nxe2+ 15. Qxe2 b4 16. Bd2 a5 17. Rab1 Qb6 18. c4 Bd4+ 19. Be3 Bxe3+ 20. Qxe3 f6 21. h4 Rbe8 22. Rf3 Nb8 23. Kf2 Nc6 24. Rh1 Nd4 25. Rfh3 Rf7 26. Kg1 e6 27. h5 g5 28. fxg5 fxg5 29. Qxg5+ Rg7 30. Qe3 Rxg4 31. Rh4 Rg7 32. Kh2 Qd8 33. Rh3 Kh8 34. Rf1 Reg8 35. Bh1 e5 36. Qf2 Ne6 37. Qf6 Nf4 38. Qxd8 Rxd8 39. Re3 Rdg8 40. Rf2 Rg4 41. Rxf4 Rxf4 42. Rf3 Rh4+ 43. Rh3 Rxh3+ 44. Kxh3 Rg1 0-1

[Event "Mecklenburg VP VL 1213"]
[Site "Mecklenburg VP"]
[Date "2013.04.14"]
[Round "8.1"]
[White "Moeller, Peter"]
[Black "Ispirjan, Mikael"]
[Result "1/2-1/2"]
[WhiteElo "1975"]
[BlackElo "1961"]
[PlyCount "80"]
[EventDate "2012.10.14"]
[EventType "team-tourn"]
[EventRounds "9"]
[EventCountry "GER"]
[SourceTitle "EXT 2022"]
[Source "ChessBase"]
[SourceDate "2021.10.06"]
[SourceVersion "1"]
[SourceVersionDate "2021.10.06"]
[SourceQuality "1"]
[WhiteTeam "Rostock HSG Uni"]
[BlackTeam "Torgelow Droegeheide"]
[WhiteTeamCountry "GER"]
[BlackTeamCountry "GER"]

1. g3 Nf6 2. Bg2 d5 3. d3 b6 4. Nd2 Bb7 5. Ngf3 e6 6. 0-0 Bc5 7. c3 0-0 8. Qc2 Nbd7 9. e4 dxe4 10. Nxe4 Nxe4 11. dxe4 e5 12. Rd1 Qe7 13. b4 Bd6 14. Nh4 g6 15. Be3 Rfd8 16. a3 Nf8 17. Nf3 Ne6 18. Nd2 c5 19. b5 a6 20. a4 a5 21. Nc4 Bc7 22. Rxd8+ Rxd8 23. Rd1 Kg7 24. Rxd8 Nxd8 25. Bh3 f6 26. f3 Nf7 27. Qd3 Nd6 28. Nxd6 Qxd6 29. Qxd6 Bxd6 30. Be6 h6 31. Kf2 g5 32. Ke2 Kf8 33. g4 Ke7 34. Bd5 Bc8 35. Kd3 Bd7 36. h3 Be8 37. Kc4 Bd7 38. Bf2 Bc7 39. Bg8 Kd6 40. Bf7 Bd8 1/2-1/2

[Event "Mecklenburg VP VL 1213"]
[Site "Mecklenburg VP"]
[Date "2013.03.17"]
[Round "7.1"]
[White "Westphal, Wolfgang"]
[Black "Moeller, Peter"]
[Result "1/2-1/2"]
[WhiteElo "2121"]
[BlackElo "1975"]
[PlyCount "148"]
[EventDate "2012.10.14"]
[EventType "team-tourn"]
[EventRounds "9"]
[EventCountry "GER"]
[SourceTitle "EXT 2022"]
[Source "ChessBase"]
[SourceDate "2021.10.06"]
[SourceVersion "1"]
[SourceVersionDate "2021.10.06"]
[SourceQuality "1"]
[WhiteTeam "Schwerin SF II"]
[BlackTeam "Rostock HSG Uni"]
[WhiteTeamCountry "GER"]
[BlackTeamCountry "GER"]

1. e4 c6 2. d4 d5 3. Nc3 g6 4. Bf4 Bg7 5. exd5 cxd5 6. Nb5 Na6 7. Qe2 Be6 8. Nf3 h6 9. Ne5 g5 10. Bg3 Nf6 11. Ng6 Rg8 12. Ne5 Ne4 13. f3 Nxg3 14. hxg3 Qb6 15. c3 f6 16. Nd3 Bd7 17. a4 0-0-0 18. Qf2 Bf5 19. Nc5 Nxc5 20. dxc5 Qe6+ 21. Kd2 a6 22. Nd4 Qd7 23. c6 bxc6 24. Nxf5 Qxf5 25. Qa7 Rdf8 26. Re1 e5 27. Qb6 Kd7 28. Bd3 Qe6 29. g4 Kd6 30. b4 Rb8 31. Qc5+ Kc7 32. Bxa6 Qd6 33. Qa7+ Kd8 34. Bd3 Qc7 35. Qe3 Qb6 36. Ra1 d4 37. Qe4 dxc3+ 38. Kxc3 Bf8 39. Rab1 Rg7 40. Rhd1 Rd7 41. Bc2 Rd4 42. Rxd4+ exd4+ 43. Qxd4+ Qxd4+ 44. Kxd4 Rxb4+ 45. Rxb4 Bxb4 46. Kc4 Be1 47. Kc5 Kc7 48. Be4 Bf2+ 49. Kc4 Be1 50. Bg6 Kb6 51. Be8 Bf2 52. Kd3 Be1 53. Ke4 Bg3 54. Kf5 Be5 55. Ke6 Bd4 56. Kf5 Be5 57. Kg6 c5 58. Kf5 Ka5 59. Ke4 c4 60. Ke3 Bf4+ 61. Ke2 Kb4 62. Kd1 Be5 63. Kc2 Bf4 64. Bf7 Bc7 65. Be6 Kxa4 66. Bxc4 Kb4 67. Kd3 Kc5 68. Bf7 Kd6 69. Ke4 Ke7 70. Bc4 Kf8 71. Kf5 Kg7 72. Ke4 Bg3 73. Ke3 Kg6 74. Be6 Kg7 1/2-1/2